| 000 | 00882nam a2200253 4500 | ||
|---|---|---|---|
| 001 | 00000000174419 | ||
| 003 | OSt | ||
| 005 | 20141021162530.0 | ||
| 008 | 030408s2002 esp 000 0 spa d | ||
| 020 | _a970-26-0238-6 | ||
| 040 | _cBMC | ||
| 082 | _a658.15 | ||
| 100 | 1 |
_97841 _aVan Horne, James C. |
|
| 245 | 1 | 0 |
_aFundamentos de administración financiera _cJames C. Van Horne, John M. Wachowicz Jr. ; traducción, Gustavo Pelcastre Ortega ; revisión técnica, Elias Ramírez Ramírez |
| 250 | _a11ª ed | ||
| 260 |
_aMéxico, D.F. [etc.] _bPearson Educación _c2002 |
||
| 300 |
_aXXI, 743 p. _c25 cm |
||
| 594 | _1Traducción de: Fundamentals of financial management | ||
| 650 | 2 | 4 |
_95713 _aEmpresas _xFinanzas |
| 700 | 1 |
_97842 _aWachowicz, John Martin |
|
| 700 | 1 |
_910009 _aPelcastre Ortega, Gustavo |
|
| 700 | 1 |
_926471 _aRamírez Ramírez, Elías |
|
| 942 |
_2ddc _cBK |
||
| 999 |
_c14508 _d14508 |
||